[Event "Figueira da Foz op 14th"]
[Site "Figueira da Foz"]
[Date "2020.10.25"]
[Round "2"]
[White "Fonseca, Pedro Miguel Ramos"]
[Black "Guerreiro, Nuno M"]
[Result "1-0"]
[WhiteElo "1590"]
[BlackElo "2079"]
[PlyCount "71"]
[EventDate "2020.10.24"]
[EventType "swiss"]
[EventRounds "9"]
[EventCountry "POR"]
[SourceTitle "CBM 199 Extra"]
[Source "ChessBase"]
[SourceDate "2021.01.31"]
[SourceVersion "1"]
[SourceVersionDate "2021.01.31"]
[SourceQuality "1"]

1. e4 Nc6 2. Nf3 Nf6 3. e5 Ng4 4. d4 d6 5. h3 Nh6 6. Nc3 a6 7. Bg5 dxe5 8. d5 Na7 9. Nxe5 Nf5 10. Bd3 g6 11. Bxf5 Bxf5 12. g4 Bc8 13. Qe2 Bg7 14. Bf4 0-0 15. 0-0-0 Nb5 16. Nb1 Qd6 17. c4 Qf6 18. Qd2 g5 19. Bg3 Nd6 20. Nc3 c5 21. Rde1 b5 22. cxb5 axb5 23. h4 h6 24. hxg5 hxg5 25. Qd3 Re8 26. Re3 b4 27. Qh7+ Kf8 28. Rf3 Qxf3 29. Nxf3 bxc3 30. Be5 f6 31. Bxc3 Rxa2 32. Kb1 Bxg4 33. Kxa2 Bxf3 34. Re1 Bxd5+ 35. Kb1 e5 36. Qd3 1-0

[Event "Lisbon Portugal rapid 2op"]
[Site "Lisbon"]
[Date "2020.02.02"]
[Round "6"]
[White "Veiga, Jose Francisco RP"]
[Black "Guerreiro, Nuno M"]
[Result "1-0"]
[WhiteElo "2312"]
[BlackElo "2086"]
[PlyCount "181"]
[EventDate "2020.01.02"]
[EventType "swiss (rapid)"]
[EventRounds "8"]
[EventCountry "POR"]
[SourceTitle "CBM 194 Extra"]
[Source "ChessBase"]
[SourceDate "2020.03.31"]
[SourceVersion "1"]
[SourceVersionDate "2020.03.31"]
[SourceQuality "1"]

1. e4 Nc6 2. Nf3 Nf6 3. Qe2 e5 4. g3 Be7 5. Bg2 0-0 6. 0-0 d6 7. d3 Bg4 8. c3 Qd7 9. Nbd2 Rfe8 10. a4 a5 11. Nc4 Bf8 12. Ne3 Bh3 13. Nh4 Bxg2 14. Kxg2 d5 15. Nef5 dxe4 16. dxe4 Rad8 17. Bg5 Qe6 18. Rad1 h6 19. Bxf6 Qxf6 20. Ne3 Qe6 21. Nd5 Rd7 22. Rd3 Ne7 23. Nxe7+ Bxe7 24. Nf5 Bf8 25. Rfd1 Red8 26. Rxd7 Rxd7 27. Rxd7 Qxd7 28. Qc4 b6 29. Qb5 Qxb5 30. axb5 Bc5 31. b3 h5 32. f4 g6 33. Nh4 Bd6 34. Kf3 Kg7 35. Ng2 Kf6 36. Ne3 Ke6 37. f5+ Kf6 38. Nd5+ Kg5 39. fxg6 fxg6 40. h3 Kh6 41. Ne3 Kg5 42. Nc4 Kf6 43. Ke3 Bc5+ 44. Kf3 Bd6 45. Ne3 Ke6 46. Nd5 Kf7 47. g4 Kg7 48. Kg3 Kh6 49. Kh4 Bc5 50. Kg3 Bd6 51. Nf6 Kg5 52. Nd5 Kh6 53. Ne3 Bc5 54. Nc4 Bd6 55. Kh4 Bc5 56. Kg3 Bd6 57. Nd2 Bc5 58. Nf3 Bd6 59. Kf2 Kg7 60. Ke3 Kf7 61. Kd3 Ke6 62. Ng5+ Kf6 63. Nf3 Ke6 64. Kc4 Be7 65. Ne1 Bc5 66. Ng2 Bf2 67. Kd3 Kd6 68. Ke2 Bg1 69. Nh4 hxg4 70. hxg4 g5 71. Nf3 Bc5 72. Nxg5 Ba3 73. Nf3 Bc1 74. Kd3 Bf4 75. Kc4 Be3 76. g5 Ke6 77. g6 Bf4 78. g7 Kf7 79. Kd5 Kxg7 80. Nxe5 Kf6 81. Nc4 Ke7 82. Nb2 Kd7 83. Nd3 Bd2 84. c4 Bc3 85. Ne5+ Ke7 86. Nc6+ Kd7 87. e5 Bb2 88. Nd4 Ba3 89. Nf5 Bf8 90. e6+ Ke8 91. Ke4 1-0

[Event "Figueira da Foz op 13th"]
[Site "Figueira da Foz"]
[Date "2019.10.30"]
[Round "4"]
[White "Guerreiro, Nuno M"]
[Black "Medarde Santiago, Luis Marcos"]
[Result "1-0"]
[WhiteElo "2069"]
[BlackElo "2285"]
[PlyCount "157"]
[EventDate "2019.10.27"]
[EventType "swiss"]
[EventRounds "9"]
[EventCountry "POR"]
[SourceTitle "CBM 192 Extra"]
[Source "Chessbase"]
[SourceDate "2019.11.06"]
[SourceVersion "1"]
[SourceVersionDate "2019.11.06"]
[SourceQuality "1"]

1. Nf3 Nf6 2. g3 g6 3. Bg2 Bg7 4. 0-0 0-0 5. c4 d6 6. d4 Nbd7 7. Nc3 e5 8. dxe5 dxe5 9. Qc2 Qe7 10. e4 c6 11. Ne1 Nc5 12. Ne2 a5 13. b3 Ne6 14. Rb1 Rd8 15. Nd3 Nd7 16. Rd1 Bf8 17. Be3 Re8 18. Rd2 Nec5 19. Ne1 Nf6 20. f3 Qc7 21. Rbd1 Be6 22. Qb2 Nfd7 23. Nc3 f6 24. Kh1 Na6 25. Rd3 Ndc5 26. R3d2 Nd7 27. Rd3 b6 28. Ne2 Ndc5 29. R3d2 a4 30. Nc2 Red8 31. b4 Rxd2 32. Rxd2 Nd7 33. b5 cxb5 34. cxb5 Nac5 35. Nb4 a3 36. Qc2 Ra5 37. Nc3 Na4 38. Nc6 Nxc3 39. Qxc3 Kg7 40. Qd3 Ra4 41. Bf1 Nc5 42. Qc2 Ra8 43. Qd1 Kg8 44. Nb4 Nxe4 45. Nd5 Bxd5 46. Rxd5 Nd6 47. Bh3 Kh8 48. f4 Re8 49. fxe5 Rxe5 50. Rxe5 fxe5 51. Qd5 Qc3 52. Bxb6 Qb4 53. Bc5 Qb1+ 54. Kg2 Qb2+ 55. Kg1 Qb1+ 56. Bf1 Qe1 57. Bxd6 Bxd6 58. Qxd6 Qe3+ 59. Kg2 Qe4+ 60. Kf2 Qf5+ 61. Ke1 Qb1+ 62. Kf2 Qf5+ 63. Kg1 Kg7 64. Qxa3 Qb1 65. Qe7+ Kh6 66. Qxe5 Qxa2 67. Qe3+ Kg7 68. b6 Qb2 69. Qc5 h5 70. Qf2 Qb1 71. h4 Kh6 72. Kh2 g5 73. hxg5+ Kxg5 74. Bg2 Kg6 75. b7 h4 76. gxh4 Kh7 77. Qf4 Qb6 78. b8Q Qf6 79. Be4+ 1-0

[Event "Figueira da Foz op 13th"]
[Site "Figueira da Foz"]
[Date "2019.10.28"]
[Round "2"]
[White "Guerreiro, Nuno M"]
[Black "Rato, Eduardo"]
[Result "1-0"]
[WhiteElo "2069"]
[BlackElo "1693"]
[PlyCount "69"]
[EventDate "2019.10.27"]
[EventType "swiss"]
[EventRounds "9"]
[EventCountry "POR"]
[SourceTitle "CBM 192 Extra"]
[Source "Chessbase"]
[SourceDate "2019.11.06"]
[SourceVersion "1"]
[SourceVersionDate "2019.11.06"]
[SourceQuality "1"]

1. e4 c6 2. d3 d5 3. Nd2 Nf6 4. Ngf3 dxe4 5. dxe4 g6 6. a4 Bg7 7. Bc4 0-0 8. 0-0 Qc7 9. Qe2 Nbd7 10. e5 Nd5 11. e6 Ne5 12. exf7+ Kh8 13. Nxe5 Qxe5 14. Qxe5 Bxe5 15. Re1 Bf6 16. Ne4 Bf5 17. c3 Kg7 18. Nc5 b6 19. Ne6+ Bxe6 20. Rxe6 Rac8 21. g4 g5 22. a5 b5 23. Bxd5 cxd5 24. Be3 Rc7 25. Ra6 e5 26. Bxa7 Rfxf7 27. Bb6 Rc8 28. Ra7 d4 29. cxd4 exd4 30. Rd1 Rc4 31. Rxf7+ Kxf7 32. b3 Rb4 33. Rd3 Rc4 34. bxc4 bxc4 35. Rxd4 1-0

[Event "Lisbon Portugal op"]
[Site "Lisbon"]
[Date "2019.02.09"]
[Round "9"]
[White "Guerreiro, Nuno M"]
[Black "Nielsen, Andre"]
[Result "0-1"]
[WhiteElo "2064"]
[BlackElo "2201"]
[PlyCount "98"]
[EventDate "2019.02.02"]
[EventType "swiss"]
[EventRounds "9"]
[EventCountry "POR"]
[SourceTitle "CBM 188 Extra"]
[Source "ChessBase"]
[SourceDate "2019.02.26"]
[SourceVersion "1"]
[SourceVersionDate "2019.02.26"]
[SourceQuality "1"]

1. Nf3 d5 2. c4 d4 3. e3 c5 4. b4 dxe3 5. fxe3 cxb4 6. d4 Nf6 7. Be2 e6 8. 0-0 Nc6 9. a3 bxa3 10. Nc3 Bb4 11. Qb3 0-0 12. Bxa3 Bxa3 13. Rxa3 Re8 14. Kh1 Ng4 15. Nb5 a6 16. Ng5 Nh6 17. Qb1 Qxg5 18. Nc7 Qe7 19. Nxe8 Qxa3 20. d5 exd5 21. cxd5 Ne5 22. Nc7 Rb8 23. Nxa6 Ra8 24. Nc7 Ra5 25. Nb5 Qxe3 26. Re1 Nhg4 27. Bxg4 Rxb5 28. Qa1 Nxg4 29. Rxe3 Nxe3 30. h3 Rxd5 31. Qc3 Rd1+ 32. Kh2 Nf1+ 33. Kg1 Be6 34. Qa5 h6 35. Qa8+ Kh7 36. Qxb7 Bd5 37. Qc8 g6 38. Kf2 h5 39. g4 Nh2 40. gxh5 Rd2+ 41. Ke3 Nf1+ 42. Kf4 Rf2+ 43. Ke5 Rf5+ 44. Kd6 Rxh5 45. Ke7 Ne3 46. Kf8 Nf5 47. Qc3 Rh4 48. Qc2 Be6 49. Qc6 Rc4 0-1

[Event "Lisbon Portugal op"]
[Site "Lisbon"]
[Date "2019.02.07"]
[Round "6"]
[White "Ranaldi, Lucas"]
[Black "Guerreiro, Nuno M"]
[Result "1-0"]
[WhiteElo "2229"]
[BlackElo "2064"]
[PlyCount "111"]
[EventDate "2019.02.02"]
[EventType "swiss"]
[EventRounds "9"]
[EventCountry "POR"]
[SourceTitle "CBM 188 Extra"]
[Source "ChessBase"]
[SourceDate "2019.02.26"]
[SourceVersion "1"]
[SourceVersionDate "2019.02.26"]
[SourceQuality "1"]

1. c4 c5 2. Nf3 Nc6 3. Nc3 g6 4. e3 Bg7 5. d4 cxd4 6. exd4 Nf6 7. d5 Nb8 8. d6 0-0 9. dxe7 Re8 10. Be2 Rxe7 11. 0-0 b6 12. Nd4 Bb7 13. Bf3 Bxf3 14. Qxf3 Nc6 15. Nxc6 dxc6 16. Qxc6 Rc8 17. Qf3 Rxc4 18. Bg5 Re6 19. Rad1 Qe8 20. Qb7 h6 21. Bxf6 Bxf6 22. Nd5 Be5 23. b3 Rc5 24. Qxa7 Qb5 25. Ne3 Bf4 26. Qa8+ Kg7 27. Nc4 Bc7 28. Qf3 Rf5 29. Qc3+ Kh7 30. Ne3 Rc5 31. Qd3 Qe8 32. g3 Qa8 33. Qd7 Qf3 34. Rd5 Rxd5 35. Nxd5 Bd6 36. Nc7 Bxc7 37. Qxc7 h5 38. h4 b5 39. Qc5 Qe2 40. Qa7 Rf6 41. Qd4 Rf5 42. a4 Qf3 43. a5 Qxb3 44. a6 Qa4 45. Qa1 Rd5 46. a7 Rd8 47. Qxa4 bxa4 48. Ra1 Ra8 49. Rxa4 Kg7 50. Ra6 Kf8 51. Kg2 Ke7 52. Kf3 Kd7 53. Kf4 Ke7 54. Kg5 Kf8 55. Kf6 Ke8 56. f4 1-0

[Event "Figueira da Foz op 12th"]
[Site "Figueira da Foz"]
[Date "2018.11.04"]
[Round "9"]
[White "Garcia Dorado, Alberto"]
[Black "Guerreiro, Nuno M"]
[Result "1-0"]
[WhiteElo "2206"]
[BlackElo "2069"]
[PlyCount "157"]
[EventDate "2018.10.28"]
[EventType "swiss"]
[EventRounds "9"]
[EventCountry "POR"]
[SourceTitle "CBM 187 Extra"]
[Source "ChessBase"]
[SourceDate "2018.11.04"]
[SourceVersion "1"]
[SourceVersionDate "2018.11.04"]
[SourceQuality "1"]

1. d4 c5 2. e3 Nf6 3. Nf3 g6 4. Be2 Bg7 5. 0-0 cxd4 6. exd4 0-0 7. c3 d5 8. Ne5 Nc6 9. Nd3 h6 10. Nd2 Bf5 11. Nb3 Ne4 12. Nf4 Qd6 13. f3 Nf6 14. g4 Bc8 15. Nd3 e5 16. dxe5 Nxe5 17. Nxe5 Qxe5 18. Bd2 Kh7 19. Re1 Qc7 20. Be3 Be6 21. Bd4 Ne8 22. Bf1 b6 23. Bd3 Bd7 24. Qe2 Nf6 25. Be5 Qb7 26. Nd4 Rae8 27. Qf1 Qc8 28. Ba6 Qd8 29. Nb5 Re6 30. Nd4 Ree8 31. Re2 Rg8 32. Rae1 Rgf8 33. Qg2 Ng8 34. Qg3 Bxe5 35. Rxe5 Nf6 36. Bd3 Rxe5 37. Rxe5 Re8 38. Qe1 Qc7 39. Re7 Kg8 40. Qe3 Rxe7 41. Qxe7 Qf4 42. Kg2 Kg7 43. Bb5 Nxg4 44. fxg4 Qxg4+ 45. Kf2 Bxb5 46. Qe5+ f6 47. Qe7+ Kg8 48. Nxb5 Qf4+ 49. Kg2 Qd2+ 50. Kf1 Qc1+ 51. Qe1 Qf4+ 52. Qf2 Qc4+ 53. Qe2 Qf4+ 54. Kg2 Qg5+ 55. Kf3 Qf5+ 56. Ke3 Qg5+ 57. Kd3 Qf5+ 58. Kd4 Qd7 59. Na3 Kf7 60. Qf3 Qa4+ 61. Kd3 Qc6 62. b3 h5 63. Nc2 h4 64. Nb4 Qb5+ 65. Kc2 d4 66. Qb7+ Kg8 67. Qd5+ Qxd5 68. Nxd5 dxc3 69. Nxf6+ Kf7 70. Ne4 Ke6 71. Nxc3 Ke5 72. Kd3 g5 73. Ke3 g4 74. Ne2 b5 75. Nf4 Kf5 76. Nd5 Ke5 77. Nc7 h3 78. Kf2 b4 79. Na6 1-0

[Event "Figueira da Foz op 12th"]
[Site "Figueira da Foz"]
[Date "2018.11.01"]
[Round "6"]
[White "Guerreiro, Nuno M"]
[Black "Asvestopoulou, Evdokia"]
[Result "1-0"]
[WhiteElo "2069"]
[BlackElo "1720"]
[PlyCount "59"]
[EventDate "2018.10.28"]
[EventType "swiss"]
[EventRounds "9"]
[EventCountry "POR"]
[SourceTitle "CBM 187 Extra"]
[Source "ChessBase"]
[SourceDate "2018.11.04"]
[SourceVersion "1"]
[SourceVersionDate "2018.11.04"]
[SourceQuality "1"]

1. Nf3 g6 2. g3 Bg7 3. d4 d6 4. Bg2 Nf6 5. 0-0 0-0 6. c4 c6 7. Nc3 Nbd7 8. Qc2 e5 9. Rd1 Qe7 10. dxe5 Nxe5 11. b3 Bf5 12. Qb2 Ne4 13. Nd4 Nxc3 14. Qxc3 Qf6 15. Bb2 Bd7 16. Rac1 Ng4 17. Nf3 Qxc3 18. Bxc3 Bh6 19. Ra1 Bg7 20. Bxg7 Kxg7 21. Rxd6 Nf6 22. Rad1 Bg4 23. h3 Bxf3 24. Bxf3 Rfe8 25. g4 h6 26. e3 Re5 27. Kg2 Rae8 28. b4 a6 29. a4 Kf8 30. Rxf6 1-0

[Event "Figueira da Foz op 12th"]
[Site "Figueira da Foz"]
[Date "2018.10.29"]
[Round "2"]
[White "Guerreiro, Nuno M"]
[Black "Alshameary Puente, Ismael"]
[Result "0-1"]
[WhiteElo "2069"]
[BlackElo "2369"]
[PlyCount "68"]
[EventDate "2018.10.28"]
[EventType "swiss"]
[EventRounds "9"]
[EventCountry "POR"]
[SourceTitle "CBM 187 Extra"]
[Source "ChessBase"]
[SourceDate "2018.11.04"]
[SourceVersion "1"]
[SourceVersionDate "2018.11.04"]
[SourceQuality "1"]

1. Nf3 c5 2. g3 d5 3. c4 d4 4. b4 cxb4 5. a3 bxa3 6. Bxa3 Nc6 7. Bg2 e5 8. Bxf8 Kxf8 9. d3 g6 10. 0-0 Kg7 11. Nbd2 Nf6 12. Qa4 Bd7 13. Rfb1 Qc7 14. Qa3 h6 15. Rb5 Rhe8 16. Qb2 Rab8 17. c5 Be6 18. Nc4 Bxc4 19. dxc4 a6 20. Rb3 Na5 21. Rb4 Qxc5 22. Nd2 b6 23. Rb1 Re6 24. Ne4 Nxe4 25. Bxe4 Nxc4 26. Qc2 Rc8 27. Bb7 Rc7 28. Qa2 a5 29. Rb5 Qa3 30. Qc2 Qe7 31. Bd5 Na3 32. Qa2 Nxb5 33. Rxb5 Rd6 34. Be4 Rc1+ 0-1

[Event "Figueira da Foz op 11th"]
[Site "Figueira da Foz"]
[Date "2017.11.05"]
[Round "9"]
[White "Guerreiro, Nuno M"]
[Black "Fernandes, Miguel A Murtinho"]
[Result "0-1"]
[WhiteElo "2109"]
[BlackElo "2007"]
[PlyCount "74"]
[EventDate "2017.10.29"]
[EventType "swiss"]
[EventRounds "9"]
[EventCountry "POR"]
[SourceTitle "CBM 181 Extra"]
[Source "ChessBase"]
[SourceDate "2017.12.12"]
[SourceVersion "1"]
[SourceVersionDate "2017.12.12"]
[SourceQuality "1"]

1. e4 c6 2. d4 d5 3. exd5 cxd5 4. c4 Nf6 5. Nc3 e6 6. Nf3 Bb4 7. Be3 0-0 8. a3 Be7 9. c5 b6 10. Be2 bxc5 11. dxc5 Qc7 12. Nb5 Qb7 13. b4 a6 14. Nbd4 Qc7 15. 0-0 e5 16. Nb3 Bf5 17. Bg5 Rd8 18. Bh4 d4 19. Bc4 Nd5 20. Bg3 Bf6 21. Nfxd4 Nf4 22. Qf3 Bc8 23. Bxf4 Bb7 24. Qg4 exf4 25. Rad1 Nc6 26. Nxc6 Bxc6 27. Rxd8+ Rxd8 28. Rd1 f3 29. Rxd8+ Qxd8 30. gxf3 g6 31. Qf4 Kg7 32. Qd6 Qe8 33. Bd5 Qe1+ 34. Kg2 Bb5 35. f4 Bf1+ 36. Kg3 Bh4+ 37. Kf3 Qe2# 0-1

[Event "Figueira da Foz op 11th"]
[Site "Figueira da Foz"]
[Date "2017.11.04"]
[Round "8"]
[White "Guerreiro, Nuno M"]
[Black "Paiva, Henrique MA Alberg"]
[Result "0-1"]
[WhiteElo "2109"]
[BlackElo "2110"]
[PlyCount "82"]
[EventDate "2017.10.29"]
[EventType "swiss"]
[EventRounds "9"]
[EventCountry "POR"]
[SourceTitle "CBM 181 Extra"]
[Source "ChessBase"]
[SourceDate "2017.12.12"]
[SourceVersion "1"]
[SourceVersionDate "2017.12.12"]
[SourceQuality "1"]

1. a3 d5 2. d4 Nf6 3. Nc3 Bf5 4. Bg5 e6 5. e3 Be7 6. Bd3 Bxd3 7. cxd3 Nbd7 8. Nf3 0-0 9. 0-0 c6 10. Na4 h6 11. Bh4 Ne8 12. Bg3 Nd6 13. Qb3 b6 14. Rfc1 Rc8 15. Rc3 c5 16. Bxd6 Bxd6 17. Rac1 Rb8 18. Qb5 Qe7 19. e4 Bf4 20. Re1 dxe4 21. Rxe4 Bd6 22. Re1 cxd4 23. Nxd4 Bxh2+ 24. Kh1 Bd6 25. Nf5 Qf6 26. Nxd6 Qxf2 27. Re4 Nf6 28. Rec4 Nd5 29. Rc2 Qe1+ 30. Kh2 Qe5+ 31. g3 Qxd6 32. Nc3 Ne3 33. Rc6 Qd4 34. Re2 Rbd8 35. Rc7 a6 36. Qxa6 Nf1+ 37. Kg2 Nxg3 38. Rf2 Qg4 39. Rc4 Ne4+ 40. Kf1 Qh3+ 41. Rg2 Qh1+ 0-1

[Event "Figueira da Foz op 11th"]
[Site "Figueira da Foz"]
[Date "2017.11.01"]
[Round "5"]
[White "Represa Perez, Mireya"]
[Black "Guerreiro, Nuno M"]
[Result "0-1"]
[WhiteElo "2072"]
[BlackElo "2109"]
[PlyCount "136"]
[EventDate "2017.10.29"]
[EventType "swiss"]
[EventRounds "9"]
[EventCountry "POR"]
[SourceTitle "CBM 181 Extra"]
[Source "ChessBase"]
[SourceDate "2017.12.12"]
[SourceVersion "1"]
[SourceVersionDate "2017.12.12"]
[SourceQuality "1"]

1. e4 c5 2. Nf3 g6 3. d4 cxd4 4. Nxd4 Nc6 5. c4 Nf6 6. Nc3 Nxd4 7. Qxd4 d6 8. Be2 Bg7 9. Be3 0-0 10. Qd2 Ng4 11. Bxg4 Bxg4 12. 0-0 a5 13. Nd5 a4 14. Rac1 Ra6 15. Qb4 Qd7 16. Bg5 f6 17. Be3 Be6 18. Qb5 Kf7 19. Rfd1 Rc8 20. Qxd7 Bxd7 21. Nb6 Rd8 22. c5 Bc6 23. cxd6 Rxd6 24. Rxd6 exd6 25. f3 f5 26. exf5 gxf5 27. Rc2 d5 28. Bc5 Ra5 29. Kf1 Be5 30. Nc8 Ke6 31. Bb4 Ra8 32. Ne7 Bb5+ 33. Ke1 Bc4 34. g4 fxg4 35. fxg4 Bxa2 36. Rf2 Bb1 37. Kd1 Be4 38. Nf5 h5 39. Nh6 hxg4 40. Nxg4 Bd4 41. Rd2 Bg7 42. Ke2 Rh8 43. Kf1 Rh3 44. Nf2 Rb3 45. Nxe4 dxe4 46. Rd6+ Kf5 47. Rd5+ Kg4 48. Bd2 e3 49. Bc1 Bxb2 50. h3+ Kf3 51. Bxb2 Rxb2 52. Rf5+ Ke4 53. Ra5 b5 54. Ra8 Kf3 55. Rf8+ Kg3 56. Re8 Rb3 57. Ke2 a3 58. Ra8 b4 59. Ra7 Rc3 60. Ra8 Kxh3 61. Ra7 Kg4 62. Ra4 Rb3 63. Ra8 Kf4 64. Rf8+ Ke5 65. Re8+ Kd4 66. Rd8+ Kc3 67. Kxe3 Kb2+ 68. Kd2 a2 0-1

[Event "Figueira da Foz op 11th"]
[Site "Figueira da Foz"]
[Date "2017.10.31"]
[Round "3"]
[White "Saraiva, Rafael Morais"]
[Black "Guerreiro, Nuno M"]
[Result "0-1"]
[WhiteElo "1906"]
[BlackElo "2109"]
[PlyCount "72"]
[EventDate "2017.10.29"]
[EventType "swiss"]
[EventRounds "9"]
[EventCountry "POR"]
[SourceTitle "CBM 181 Extra"]
[Source "ChessBase"]
[SourceDate "2017.12.12"]
[SourceVersion "1"]
[SourceVersionDate "2017.12.12"]
[SourceQuality "1"]

1. Nf3 c5 2. g3 Nf6 3. Bg2 g6 4. 0-0 Bg7 5. d3 d5 6. Nbd2 0-0 7. e4 Nc6 8. c3 Qc7 9. Qc2 Rd8 10. Re1 dxe4 11. dxe4 Ng4 12. Nf1 b6 13. Ne3 Nxe3 14. Bxe3 Be6 15. e5 Rd7 16. Bf4 h6 17. Qa4 Rc8 18. h4 Na5 19. Qc2 Rcd8 20. Qc1 Kh7 21. h5 gxh5 22. Nh4 Nc4 23. Be4+ Kh8 24. Bxh6 Bxe5 25. Qg5 Bg4 26. Bf8 Qd6 27. Ng6+ fxg6 28. Qh6+ Kg8 29. Bxg6 Qf6 30. f4 Qh8 31. fxe5 Rxf8 32. Qg5 Qg7 33. e6 Rd3 34. Bf7+ Kh8 35. Qh4 Ne5 36. Rf1 Nxf7 0-1